ბათუმის შოთა რუსთაველის სახელმწიფო უნივერსიტეტის ბიბლიოთეკა

Количественный анализ / (ბიბ.ჩანაწერი № 40251)

000 -LEADER
fixed length control field 00855nam a2200217Ia 4500
001 - CONTROL NUMBER
control field 6859
003 - CONTROL NUMBER IDENTIFIER
control field GE_BSU
005 - DATE AND TIME OF LATEST TRANSACTION
control field 20230804164551.0
008 - FIXED-LENGTH DATA ELEMENTS--GENERAL INFORMATION
fixed length control field 181216s1972||||ru |||||||||||||| ||rus||
040 ## - CATALOGING SOURCE
Transcribing agency GE_BSU
041 ## - LANGUAGE CODE
Language code of text/sound track or separate title rus
080 ## - UNIVERSAL DECIMAL CLASSIFICATION NUMBER
Universal Decimal Classification number 543(075.8) А-47
100 ## - MAIN ENTRY--PERSONAL NAME
Personal name Алексеев, В. Н.
9 (RLIN) 19606
245 ## - TITLE STATEMENT
Title Количественный анализ /
Statement of responsibility, etc. В. Н. Алексеев ; Под.ред.доктора хим.наук. П. К. Агасяна ; Ред. Л. Н.Овсяникова..
250 ## - EDITION STATEMENT
Edition statement 4-е изд.перераб
264 ## - PRODUCTION, PUBLICATION, DISTRIBUTION, MANUFACTURE, AND COPYRIGHT NOTICE
Place of production, publication, distribution, manufacture Москва :
Name of producer, publisher, distributor, manufacturer Химия,
Date of production, publication, distribution, manufacture, or copyright notice 1972.
300 ## - PHYSICAL DESCRIPTION
Extent 504 стр. ;
Dimensions 20 cm.
Accompanying material 24 табл. 76рис. список литературы 15 ссылок
653 ## - INDEX TERM--UNCONTROLLED
keyword Количественный анализ
700 ## - ADDED ENTRY--PERSONAL NAME
Personal name Овсяникова, Л. Н.
Titles and other words associated with a name Редактор
9 (RLIN) 19607
942 ## - ADDED ENTRY ELEMENTS (KOHA)
Koha item type წიგნი
Source of classification or shelving scheme
ეგზემპლარები
Withdrawn status Lost status Source of classification or shelving scheme Damaged status Not for loan Permanent Location Current Location Shelving location Date acquired Cost, normal purchase price Full call number Barcode Date last seen Copy number Price effective from Koha item type Public note
          ბათუმის შოთა რუსთაველის სახელმწიფო უნივერსიტეტის მთავარი ბიბლიოთეკა ბათუმის შოთა რუსთაველის სახელმწიფო უნივერსიტეტის მთავარი ბიბლიოთეკა წიგნსაცავი 2018-12-17 2.58 543(075.8) А-47 22513 2018-12-17 22513 2018-12-17 წიგნი 2.58 ₾.